[Event "Moscow-A"]
[Site "Moscow"]
[Date "1988.??.??"]
[Round "?"]
[White "Conquest, Stuart"]
[Black "Vyzmanavin, Alexey"]
[Result "1/2-1/2"]
[WhiteElo "2490"]
[BlackElo "2565"]

1.d4 Nf6 2.c4 e6 3.g3 Bb4+ 4.Bd2 Be7 5.Bg2 d5 6.Nf3 O-O 7.O-O c6 8.Qc2 Nbd7
9.Rc1 Ne4 10.Be1 f5 11.b4 Bd6 12.Nc3 Ndf6 13.b5 Nxc3 14.Qxc3 cxb5 15.cxb5 Bd7
16.a4 Qe7 17.Ne5 Rfc8  1/2-1/2

[Event "New York op"]
[Site "New York"]
[Date "1988.??.??"]
[Round "?"]
[White "Gurevich, Dmitry"]
[Black "Chernin, Alexander"]
[Result "1/2-1/2"]
[WhiteElo "2475"]
[BlackElo "2560"]

1.d4 Nf6 2.c4 e6 3.g3 Bb4+ 4.Nd2 d5 5.Bg2 O-O 6.Nf3 b6 7.cxd5 exd5 8.Ne5 Re8
9.O-O Bb7 10.Ndf3 h6 11.Bf4 Nh5 12.Bd2 Bd6 13.Qc2 c5 14.Qf5 Nf6 15.Ng4 Nxg4
16.Qxg4 Re4 17.Qh5 Rxe2 18.Ne5 Bxe5 19.Qxe2 Bxd4 20.Bc3 Nc6 21.Qh5 Bxc3 22.Bxd5 Bxb2
23.Qxf7+ Kh8 24.Qxb7 Bxa1 25.Rxa1 Rc8 26.Bxc6 Rc7 27.Qa8 Rc8 28.Qb7 Rc7 29.Qa8 Rc8  1/2-1/2

[Event "New York op"]
[Site "New York"]
[Date "1988.??.??"]
[Round "?"]
[White "Tukmakov, Vladimir B"]
[Black "Frias, Victor J"]
[Result "1-0"]
[WhiteElo "2570"]
[BlackElo "2485"]

1.d4 Nf6 2.c4 e6 3.g3 Bb4+ 4.Bd2 Bxd2+ 5.Qxd2 O-O 6.Bg2 d6 7.Nf3 Nbd7 8.Nc3 c6
9.O-O Re8 10.e4 e5 11.Rad1 a5 12.Nh4 Qc7 13.f4 Nf8 14.fxe5 dxe5 15.d5 Bg4
16.Rde1 Rad8 17.Rf2 Bc8 18.Ref1 Ng6 19.Nf5 Bxf5 20.Rxf5 b5 21.cxb5 cxb5 22.Nd1 Qc4
23.Nf2 Qd4 24.Qe2 Ne7 25.Rf3 Qb6 26.Kh1 Rf8 27.Bh3 Ne8 28.Nd3 Qd4 29.Qe3 Nd6
30.Qxd4 exd4 31.Nc5 Ng6 32.Rd3 Ne5 33.Rxd4 Rfe8 34.Rc1 Nf3 35.Rd3 Ng5 36.Bg2 Ngxe4
37.Nxe4 Nxe4 38.Kg1 Nd6 39.Kf2 Nc4 40.b3 Ne5 41.Rd4 Rd6 42.Bf1 b4 43.Rc5 g5
44.Be2 Kg7 45.Rd2 f5 46.Rxa5 f4 47.gxf4 gxf4 48.Ra7+ Kg6 49.Rd4 h6 50.Rxf4 Rxd5
51.Ra6+ Kg7 52.Re4 Ng4+ 53.Rxg4+  1-0

[Event "Prague Mladi-A"]
[Site "Prague"]
[Date "1988.??.??"]
[Round "1"]
[White "Werner, Dimo"]
[Black "Lerner, Konstantin Z"]
[Result "1/2-1/2"]
[WhiteElo "2365"]
[BlackElo "2530"]

1.d4 Nf6 2.c4 e6 3.g3 Bb4+ 4.Bd2 Be7 5.Bg2 O-O 6.Nf3 d5 7.O-O c6 8.Qc2 b6
9.Rd1 Ba6 10.b3 Nbd7 11.Bg5 Rc8 12.Nbd2 c5 13.dxc5 Bxc5 14.Qb2 h6 15.Bxf6 Qxf6
16.Rab1 Qxb2 17.Rxb2 Ba3 18.Rbb1 Rfd8 19.e3 Nf6 20.Bf1 Bb4 21.Rbc1 Bb7 22.Bg2 dxc4
23.Nxc4 Ne4 24.Nd4 Bc5 25.Nd2 Bxd4 26.Rxc8 Rxc8 27.Nxe4 Bxe4 28.Bxe4 Bc5
29.Rd7 a5 30.Bb7 Re8  1/2-1/2

[Event "URS-FL56"]
[Site "Simferopol"]
[Date "1988.??.??"]
[Round "?"]
[White "Basin, Leonid"]
[Black "Kharitonov, Andrei Y"]
[Result "1/2-1/2"]
[WhiteElo "2350"]
[BlackElo "2550"]

1.d4 Nf6 2.c4 e6 3.g3 Bb4+ 4.Bd2 Be7 5.Nf3 O-O 6.Bg2 d5 7.O-O c6 8.Qc2 b6
9.b3 Nbd7 10.Rd1 Ba6 11.a4 Rc8 12.Na3 Bxa3 13.Rxa3 c5 14.dxc5 bxc5 15.e3 Qe7  1/2-1/2

[Event "Rilton Cup"]
[Site "Stockholm"]
[Date "1988.??.??"]
[Round "?"]
[White "Carlhammar, Magnus"]
[Black "Larsson, Per"]
[Result "1/2-1/2"]
[WhiteElo "2245"]
[BlackElo "2320"]

1.d4 Nf6 2.c4 e6 3.g3 Bb4+ 4.Bd2 Qe7 5.Nf3 Nc6 6.Nc3 d5 7.a3 Bxc3 8.Bxc3 O-O
9.Bg2 Rd8 10.Qc2 a5 11.b3 Ne4 12.O-O Bd7 13.e3 Be8 14.c5 b5 15.cxb6 cxb6
16.Rfc1 Rdc8 17.Qb2  1/2-1/2

[Event "Thessaloniki ol (Men)"]
[Site "Thessaloniki"]
[Date "1988.??.??"]
[Round "3"]
[White "Manor, Ilan"]
[Black "Chandler, Murray G"]
[Result "1/2-1/2"]
[WhiteElo "2430"]
[BlackElo "2610"]

1.d4 Nf6 2.c4 e6 3.g3 Bb4+ 4.Bd2 Be7 5.Bg2 d5 6.Nf3 O-O 7.O-O c6 8.Qc2 b6
9.cxd5 cxd5 10.Nc3 Bb7 11.Bf4 Nc6 12.Rac1 Rc8 13.Rfd1 Bd6 14.Bxd6 Qxd6 15.Qb1 h6
16.e3 Ba6 17.a3 Na5 18.b4 Nc4 19.Qb3 Bb7 20.Nd2 Rfd8 21.Qa2 Qe7 22.Nxc4 Rxc4
23.Bf1 Rcc8 24.Qb3 Ne8 25.a4 a6 26.a5 b5 27.Ne2 Rc4 28.Rb1 Nd6 29.Nf4 Ne4
30.Rb2 e5 31.dxe5 Rc3 32.Qa2 Qxe5 33.Bg2 d4 34.Qb1 Rcc8 35.exd4 Rxd4 36.Re2 Rcc4
37.Rde1 Rxb4 38.Qc1 Qd6 39.Qa3 Rbc4 40.Qb2 f5 41.h4 Bc6 42.h5 Kh7 43.Ng6 Bd7
44.Qb1 Qc5 45.Kh2 b4 46.f3 Nf6 47.Re5 Qd6 48.Ne7 Ne4 49.fxe4 Qxe5 50.exf5 Qf6
51.Re6 Bxe6 52.fxe6+ g6 53.hxg6+ Kg7 54.Nf5+ Kg8 55.e7 Qe5 56.Nxd4 Rxd4 57.Qa2+ Kh8
58.Qf7 Qh5+ 59.Kg1 Rd1+ 60.Bf1 Qc5+ 61.Kh1 Qh5+ 62.Kg1 Qc5+ 63.Kh1 Qh5+  1/2-1/2

[Event "Thessaloniki ol (Men)"]
[Site "Thessaloniki"]
[Date "1988.??.??"]
[Round "5"]
[White "Ginting, Nasib"]
[Black "Hernandez, Roman"]
[Result "1/2-1/2"]
[WhiteElo "2385"]
[BlackElo "2430"]

1.d4 Nf6 2.c4 e6 3.g3 Bb4+ 4.Bd2 Qe7 5.Bg2 Nc6 6.Nf3 Bxd2+ 7.Nbxd2 d6 8.O-O a5
9.e4 e5 10.d5 Nb8 11.c5 O-O 12.cxd6 cxd6 13.Qc2 Na6 14.a3 Bg4 15.Rfc1 Nc5
16.b4 axb4 17.axb4 Rxa1 18.Rxa1 Na6 19.Qb1 Qc7 20.h3 Bxf3 21.Bxf3 Qc3 22.b5 Nc5
23.Ra2 h5 24.Bg2 g6 25.Qa1 Qb4 26.Rb2 Qd4 27.Ra2 Qb4 28.Rb2 Qd4 29.Ra2  1/2-1/2

[Event "FRA-ch"]
[Site "Val Thorens"]
[Date "1988.??.??"]
[Round "12"]
[White "Verat, Laurent"]
[Black "Sharif, Mershad"]
[Result "0-1"]
[WhiteElo "2230"]
[BlackElo "2445"]

1.d4 Nf6 2.c4 e6 3.g3 Bb4+ 4.Nd2 c5 5.Nf3 cxd4 6.a3 Be7 7.Nb3 b6 8.Bg2 Bb7
9.Nbxd4 O-O 10.O-O d6 11.b3 a6 12.Bb2 Nbd7 13.Rc1 Rc8 14.e3 Qc7 15.Qe2 Rfe8
16.Rfd1 Bf8 17.b4 Qb8 18.Nb3 Qa8 19.Ne1 Bxg2 20.Nxg2 Rc7 21.Nd2 Rec8 22.e4 Qc6
23.f3 Qa4 24.Ne3 h6 25.f4 Qc6 26.Qd3 a5 27.Nc2 e5 28.f5 axb4 29.axb4 b5 30.Ne3 bxc4
31.Nexc4 Qb5 32.Kg2 d5 33.Nxe5 Qxd3 34.Nxd3 dxe4 35.Nc5 Bxc5 36.bxc5 Rxc5
37.Rxc5 Rxc5 38.Bxf6 Nxf6 39.Rf1 Rc2  0-1

[Event "RSFSR-ch"]
[Site "Voronezh"]
[Date "1988.??.??"]
[Round "?"]
[White "Gleizerov, Evgeny"]
[Black "Sherbakov, Vitaly S"]
[Result "1/2-1/2"]
[WhiteElo "2405"]
[BlackElo "2290"]

1.d4 Nf6 2.c4 e6 3.g3 Bb4+ 4.Bd2 a5 5.Bg2 d5 6.Qc2 O-O 7.Nf3 Bd7 8.O-O Bc6
9.Bg5 Be7 10.cxd5 exd5 11.Ne5 Nfd7 12.Bxe7 Qxe7 13.Nxc6 Nxc6 14.e3 Nf6 15.Rc1 Qd7
16.Nd2 Rfc8 17.Nb3 Nd8 18.Nc5 Qe7 19.Qb3 c6 20.Na4 Rcb8 21.Nb6 Ra6 22.Bf1  1/2-1/2

[Event "Alma-Ata"]
[Site "Alma-Ata"]
[Date "1989.??.??"]
[Round "5"]
[White "Murugan, Krishnamoorthy"]
[Black "Douven, Rudy C"]
[Result "1-0"]
[WhiteElo "2460"]
[BlackElo "2445"]

1.d4 Nf6 2.c4 e6 3.g3 Bb4+ 4.Bd2 Qe7 5.Bg2 Nc6 6.Nf3 Bxd2+ 7.Nbxd2 d6 8.O-O O-O
9.e4 e5 10.d5 Nb8 11.b4 a5 12.a3 Na6 13.Qb3 c6 14.Rfe1 Bg4 15.h3 Bd7 16.c5 dxc5
17.bxa5 Nc7 18.Nc4 cxd5 19.exd5 Ncxd5 20.Rxe5 Be6 21.Ng5 Ra6 22.Rae1 Rd8
23.h4 Qd7 24.Nxe6 Rxe6 25.Rxe6 fxe6 26.Bh3 Re8 27.a4 Kf8 28.Qb5 Qxb5 29.axb5 Re7
30.b6 Re8 31.Bxe6 Nb4 32.Re2 Nfd5 33.Re5 Nc3 34.Bc8 Rxe5  1-0

[Event "ARG-ch"]
[Site "?"]
[Date "1989.??.??"]
[Round "14"]
[White "Glavina, Pablo"]
[Black "Bronstein, Luis"]
[Result "1-0"]
[WhiteElo "2365"]
[BlackElo "2395"]

1.d4 Nf6 2.c4 e6 3.g3 Bb4+ 4.Bd2 Be7 5.Bg2 d5 6.Nf3 O-O 7.O-O Nbd7 8.Qb3 c6
9.Bg5 h6 10.Bxf6 Bxf6 11.Nc3 Qb6 12.c5 Qa5 13.e4 b6 14.exd5 exd5 15.cxb6 axb6
16.Rfe1 Bb7 17.Bh3 Rfd8 18.Rad1 c5 19.a3 cxd4 20.Nxd4 Nc5 21.Qb5 Ne4 22.Qxa5 bxa5
23.Ncb5 a4 24.Rc1 Ba6 25.Rc2 Rab8 26.Bf1 Nd6 27.Nxd6 Bxf1 28.Nc6 Bd3 29.Rc5 Rxd6
30.Nxb8 Bxb2 31.Nc6 Be4 32.Re3 f5 33.Ne7+ Kh7 34.Rb5 Bf6 35.Rxe4 dxe4 36.Nxf5 Rd3
37.h4 h5 38.Ne3 Rxa3 39.Rxh5+ Kg6 40.Ra5 Ra1+ 41.Kg2 Ra2 42.h5+ Kf7 43.Ra7+ Ke6
44.Ra6+ Kf7 45.Nf5 a3 46.Nd6+ Kg8 47.Nxe4 Be7 48.Ra7 Bb4 49.g4 Rc2 50.g5  1-0

[Event "Bad Woerishofen op"]
[Site "Bad Woerishofen"]
[Date "1989.??.??"]
[Round "?"]
[White "Kohlweyer, Bernd"]
[Black "Rajkovic, Dusan"]
[Result "1/2-1/2"]
[WhiteElo "2365"]
[BlackElo "2500"]

1.d4 Nf6 2.c4 e6 3.g3 Bb4+ 4.Bd2 a5 5.Bg2 d5 6.Nf3 Nc6 7.Qc2 dxc4 8.Qxc4 Qd5
9.Qd3 Qe4 10.Qxe4 Nxe4 11.e3 Bd7 12.Nc3 Nxd2 13.Nxd2 e5 14.d5 Ne7 15.Rc1 c6
16.dxc6 Bxc6 17.Bxc6+ Nxc6  1/2-1/2

[Event "Spring op"]
[Site "Budapest"]
[Date "1989.??.??"]
[Round "?"]
[White "Gleizerov, Evgeny"]
[Black "Rozentalis, Eduardas"]
[Result "1/2-1/2"]
[WhiteElo "2400"]
[BlackElo "2485"]

1.d4 Nf6 2.c4 e6 3.g3 Bb4+ 4.Bd2 Qe7 5.Nf3 Nc6 6.Nc3 d5 7.a3 Bxc3 8.Bxc3 a5
9.Bg2 O-O 10.O-O Rd8 11.Qb3 a4 12.Qa2 Ne4 13.Rfd1 Qf6 14.Rac1 b6 15.Be1 Ba6
16.Qb1 Na5 17.Bxa5 bxa5 18.Rc2 Rac8 19.cxd5 exd5 20.Bh3 Rb8 21.Bf1 Rb3 22.Qc1 Bc4
23.Qf4 Qxf4 24.gxf4 Rdb8 25.Ne5 Rxb2 26.Rdc1 Rxc2 27.Rxc2 Rb1 28.Kg2 f5 29.Nxc4 dxc4
30.f3 Nd6 31.e3 Rb3 32.Bxc4+ Kf8 33.Kf2 Rxa3 34.Bd5 Nb5 35.Rc5 Nc3 36.Rxa5 Nd1+
37.Kg3 Nxe3 38.Be6 g6 39.Rc5 Ke7 40.Bg8 Kd6 41.Bxh7 Ra2 42.Bg8 Rd2 43.Ra5 Nf1+
44.Kh4 Rxd4 45.Kg5 Nxh2 46.Kxg6 Rxf4 47.Kg5 Rxf3 48.Bh7 a3 49.Bxf5 c5 50.Be4 Rc3
51.Kf4 c4 52.Rd5+ Kc7 53.Rb5 Nf1 54.Ke5 Nd2 55.Rb7+ Kc8 56.Bd5 Rb3 57.Ra7 Kb8
58.Ra4 Rd3 59.Kd6 Ne4+ 60.Ke5 c3 61.Rxa3 Nc5 62.Ra2 Nd7+ 63.Ke6 Nc5+ 64.Ke5 Kc7
65.Bc4  1/2-1/2

[Event "Caorle op"]
[Site "Caorle"]
[Date "1989.??.??"]
[Round "5"]
[White "Osmanbegovic, Suad"]
[Black "Maksimovic, Branimir"]
[Result "0-1"]
[WhiteElo "2240"]
[BlackElo "2425"]

1.d4 Nf6 2.c4 e6 3.g3 Bb4+ 4.Bd2 Qe7 5.Nf3 Nc6 6.Bg2 Bxd2+ 7.Nbxd2 d6 8.O-O e5
9.d5 Nb8 10.e4 a5 11.Ne1 h5 12.f4 h4 13.Nd3 Na6 14.c5 hxg3 15.hxg3 exf4 16.cxd6 cxd6
17.gxf4 Ng4 18.Qa4+ Bd7 19.Qd4 Qh4 20.Rf3 Qh2+ 21.Kf1 Bb5 22.a4 Bxd3+ 23.Qxd3 Kf8
24.Rc1 Rh6 25.Qb5 Re8 26.Qxb7 Nc5 27.Rxc5 dxc5 28.e5 Rg6 29.d6 Nxe5 30.fxe5 Qxg2+
31.Ke1 Qh1+ 32.Nf1 Rxe5+ 33.Kd1 Rxd6+ 34.Kc2 Qh7+ 35.Kb3 Qg6 36.Qc8+ Re8
37.Qxc5 Qe6+ 38.Ka3 Rc8 39.Qh5 Rcd8 40.Qxa5 Rd3+ 41.Rxd3 Rxd3+  0-1

[Event "Cappelle op"]
[Site "Cappelle"]
[Date "1989.??.??"]
[Round "?"]
[White "Michalet, Guy"]
[Black "Jacobs, Byron A"]
[Result "0-1"]
[WhiteElo "2215"]
[BlackElo "2350"]

1.d4 Nf6 2.c4 e6 3.g3 Bb4+ 4.Bd2 Be7 5.Bg2 d5 6.Nf3 O-O 7.Qc2 c6 8.O-O b6
9.Bg5 Nbd7 10.Nbd2 h6 11.Bxf6 Nxf6 12.e4 dxe4 13.Nxe4 Bb7 14.Rfd1 Qc7 15.Rd2 c5
16.d5 exd5 17.Nxf6+ Bxf6 18.cxd5 Qd6 19.Rad1 Rfe8 20.h4 Rad8 21.Kh2 Bc8 22.Re2 Rxe2
23.Qxe2 Bg4 24.Kg1 Bd4 25.Re1 Bxf3 26.Qxf3 Bxb2 27.Re4 Bf6 28.Qe2 Qd7 29.Qa6 b5
30.a3 c4 31.a4 c3 32.axb5 Rc8 33.Kh2 c2 34.Bh3 Qxh3+ 35.Kxh3 c1=Q 36.Kg2 Qc5
37.d6 Rd8 38.Qc6 Qxd6 39.Re8+ Kh7 40.Qe4+ g6 41.h5 Qd5  0-1

[Event "Copenhagen op"]
[Site "Copenhagen"]
[Date "1989.??.??"]
[Round "1"]
[White "Holmsgaard, Henrik"]
[Black "Zsinka, Laszlo"]
[Result "1/2-1/2"]
[WhiteElo "2280"]
[BlackElo "2405"]

1.d4 Nf6 2.c4 e6 3.g3 Bb4+ 4.Bd2 Be7 5.Bg2 d5 6.Nf3 O-O 7.O-O b6 8.b3 Bb7
9.Bc3 Na6 10.Nbd2 c5 11.Ne5 Qc8 12.cxd5 exd5 13.e3 Rd8 14.Rc1 Qe6 15.Qc2 Rac8
16.Qb2 Bf8 17.Rfd1 Ne4 18.Nxe4 dxe4 19.dxc5 Nxc5 20.Bd4 f6 21.Nc4 Bd5 22.Bxc5 Bxc5
23.Bf1 Qe7 24.Rc2 Be6 25.Rxd8+ Rxd8 26.Rd2 Kf8 27.Qc2 Rxd2 28.Nxd2 Bd5 29.Bc4 Bc6
30.Nb1 Qd7 31.Nc3 f5 32.Qe2 g6 33.Bb5 Bxb5 34.Nxb5 a6 35.Nd4 b5 36.Qc2 Bxd4
37.Qd2 Ke7 38.exd4 Ke6 39.Qc3 h6 40.Qc5 Qd6 41.b4  1/2-1/2

[Event "ESP-ch"]
[Site "ESP"]
[Date "1989.??.??"]
[Round "2"]
[White "Magem Badals, Jorge"]
[Black "Villavicencio, Adalberto"]
[Result "1-0"]
[WhiteElo "2425"]
[BlackElo "2325"]

1.d4 Nf6 2.c4 e6 3.g3 Bb4+ 4.Bd2 c5 5.Bg2 O-O 6.Bxb4 cxb4 7.Nf3 d6 8.O-O Qc7
9.Qb3 a5 10.a3 Na6 11.Nbd2 b6 12.Rfd1 Bb7 13.Nf1 Rac8 14.Ne3 Be4 15.Bh3 Rcd8
16.Rac1 Rfe8 17.Nc2 bxa3 18.bxa3 Rb8 19.Ne3 h6 20.Nd2 Ba8 21.Nb1 Qe7 22.Nc3 Red8
23.Rb1 Ne4 24.Rb2 Nxc3 25.Qxc3 Qc7 26.Qd3 Qa7 27.Rdb1 Nc7 28.d5 e5 29.Nf5 Ne8
30.Qe3 Kh7 31.Rxb6 Rxb6 32.Qxb6 Qxb6 33.Rxb6 g6 34.Ne7 f5 35.e4 fxe4 36.Nc6 Bxc6
37.dxc6 Kh8 38.Rb7  1-0

[Event "Frankfurt"]
[Site "Frankfurt"]
[Date "1989.??.??"]
[Round "5"]
[White "San Segundo, Pablo"]
[Black "Doery, Jeno"]
[Result "1/2-1/2"]
[WhiteElo "2385"]
[BlackElo "2320"]

1.d4 Nf6 2.c4 e6 3.g3 Bb4+ 4.Bd2 Be7 5.Bg2 d5 6.Nf3 c6 7.b3 O-O 8.O-O b6
9.Bc3 Bb7 10.Nbd2 c5 11.Ne5 cxd4 12.Bxd4 Nc6 13.Nxc6 Bxc6 14.cxd5 Nxd5 15.Nc4 Rc8
16.e4 Nb4 17.Bc3 Qxd1 18.Rfxd1 Rfd8 19.Bxb4 Bxb4 20.Rac1 Bc5 21.e5 Bxg2 22.Kxg2 Kf8
23.a4 Rxd1 24.Rxd1 Ke7 25.Kf3 f6 26.Rd2 Bb4 27.Rd3 Rc6 28.exf6+ gxf6 29.Rd4 h5
30.Rh4 Rc5 31.Ke2 Bc3 32.Ne3 b5 33.b4 Rc8 34.axb5 Rb8 35.Nd1 Be5 36.Rxh5 f5
37.Rh7+ Kd6 38.Rxa7 Rxb5 39.Ra6+ Kd7 40.Ra5 Kc6 41.Kd3 Bd6 42.Rxb5 Kxb5 43.h4 Be5
44.Ne3 Kxb4 45.g4 fxg4 46.Nxg4 Bb2 47.Ke4 Kc5 48.Ne5 Bc3 49.Nf7 Kc6 50.Kf4 Bf6
51.Kg4 Kd7 52.Kh5 Ke7 53.Ng5 Bd4 54.Ne4 Kf7 55.Kg5 Bb2 56.h5 Bc1+ 57.Kg4 Kg7
58.Kh4 Bf4 59.Kg4 Bc1 60.Nc5 Kf6 61.Nd7+ Kg7 62.Ne5 Bd2 63.Kh4 Kf6 64.Ng4+ Kf5
65.Ne3+ Kf6 66.Kg4 Bc1 67.Nc4 Bh6 68.Nd6 Ke7 69.Ne4 Kf7 70.f3 Ke7 71.Kg3 Bg7
72.Kh4 Bh6 73.Nf2 Kf7 74.Kg3 e5 75.Ng4 Bf4+ 76.Kf2 Ke6 77.Ke2 Kf5 78.Nf2 Kg5
79.Nh3+ Kxh5 80.Nxf4+ exf4 81.Kd3 Kh4 82.Kd4 Kg5 83.Ke4 Kg6  1/2-1/2

[Event "Frankfurt"]
[Site "Frankfurt"]
[Date "1989.??.??"]
[Round "11"]
[White "Bretsnajdr, Vladimir"]
[Black "Gipslis, Aivars"]
[Result "0-1"]
[WhiteElo "2310"]
[BlackElo "2485"]

1.d4 Nf6 2.c4 e6 3.g3 Bb4+ 4.Bd2 Qe7 5.Nf3 Nc6 6.Bg2 Bxd2+ 7.Nbxd2 d6 8.O-O a5
9.e4 O-O 10.b3 e5 11.d5 Nb8 12.Qc2 Na6 13.Rfd1 Bd7 14.Nf1 c6 15.dxc6 Bxc6
16.Nh4 Rfd8 17.Ne3 Nc5 18.f3 Qf8 19.Bh3 g6 20.Qd2 Ne6 21.Bxe6 fxe6 22.Rf1 Qg7
23.Nhg2 Qc7 24.Rad1 Rac8 25.Qd3 Qb6 26.Rf2 Qc5 27.Rc2 Rc7 28.Qe2 Rf8 29.Ne1 Rcf7
30.Nd3 Qa7 31.c5 Nd7 32.Rf1 Bb5 33.Nc4 Nxc5 34.Qe3 Bxc4 35.Rxc4 b5 36.Rxc5 dxc5
37.Nxe5 c4 38.Qxa7 Rxa7 39.bxc4 bxc4 40.Nxc4 Rc8  0-1

[Event "Karvina op"]
[Site "Karvina"]
[Date "1989.??.??"]
[Round "2"]
[White "Hudecek, Jan"]
[Black "Znamenacek, Kvetoslav"]
[Result "0-1"]
[WhiteElo "2215"]
[BlackElo "2350"]

1.d4 Nf6 2.c4 e6 3.g3 Bb4+ 4.Bd2 Qe7 5.Nf3 Nc6 6.Nc3 O-O 7.Bg2 d6 8.O-O e5
9.Nd5 Nxd5 10.cxd5 Bxd2 11.Qxd2 Nb8 12.dxe5 dxe5 13.Rac1 f6 14.Rfd1 Rd8 15.Qc2 Na6
16.Nd2 Qf7 17.a3 Bg4 18.Nc4 Rab8 19.b4 b5 20.Na5 Rd6 21.h3 Bd7 22.Qc3 Re8
23.Nb7 Rb6 24.Nc5 Nxc5 25.Qxc5 Rc8 26.d6 c6 27.Rd3 g6 28.Rcd1 Kg7 29.e3 Ra6
30.Bf3 Qe6 31.Bg4 f5 32.Be2 e4 33.Rc3 Kf6 34.h4 Qe5 35.Rd2 Rb8 36.Rb2 Ke6
37.Rd2 Qxc5 38.bxc5 Ra4 39.Bd1 Ra5 40.Bb3+ Ke5 41.Bc2 b4 42.axb4 Rxb4 43.Bd1 Rbb5
44.f4+ exf3 45.Bxf3 Rxc5 46.Rcd3 Ra1+ 47.Kf2 Rac1 48.Bd1 Rd5 49.Bb3 Rxd3
50.Rxd3 a5 51.Bg8 h6 52.Bb3 Ra1 53.Bf7 Kf6 54.Bc4 a4 55.Rd2 Rc1 56.Bg8 Rc3
57.Ke2 Ra3 58.Bc4 Ke5 59.Bf7 g5 60.hxg5 hxg5 61.Bc4 Ra1 62.Kf3 g4+ 63.Kf2 Rh1
64.Kg2 Rh6  0-1

[Event "Lugano op"]
[Site "Lugano"]
[Date "1989.??.??"]
[Round "2"]
[White "Vanheste, Jeroen"]
[Black "Fecht, Hans Peter"]
[Result "1-0"]
[WhiteElo "2410"]
[BlackElo "2260"]

1.d4 Nf6 2.c4 e6 3.g3 Bb4+ 4.Bd2 Qe7 5.Nf3 Nc6 6.Nc3 Bxc3 7.Bxc3 Ne4 8.Rc1 O-O
9.Bg2 d6 10.O-O f5 11.d5 Nxc3 12.Rxc3 Nd8 13.dxe6 Nxe6 14.e3 a5 15.Nd4 Nc5
16.Ne2 Bd7 17.b3 c6 18.Rc2 Rf6 19.Qd4 Be8 20.Nc3 Bf7 21.Rd1 Re8 22.Qd2 Bh5
23.Rf1 Qc7 24.Qd4 Qe7 25.Rcc1 Ne4 26.Qd3 Ng5 27.f4 Ne6 28.Na4 Nc7 29.Rfe1 Bg6
30.Bf3 Re6 31.Kf2 Na6 32.Qd2 Qd8 33.a3 Bf7 34.b4 axb4 35.axb4 Nc7 36.Qd3 Qf6
37.Nc3 R6e7 38.b5 Ne6 39.Qxd6 Rd8 40.Qb4 Rc7 41.Red1 Be8 42.bxc6 bxc6 43.c5 Qe7
44.Rxd8 Nxd8 45.Ne2 Rb7 46.Qc3 Ra7 47.Rc2 h6 48.Nd4 Bd7 49.Qd3 Qf7 50.Nxc6  1-0

[Event "Lugano op"]
[Site "Lugano"]
[Date "1989.??.??"]
[Round "2"]
[White "Kohlweyer, Bernd"]
[Black "Lerner, Konstantin Z"]
[Result "0-1"]
[WhiteElo "2365"]
[BlackElo "2535"]

1.d4 Nf6 2.c4 e6 3.g3 Bb4+ 4.Bd2 Be7 5.Bg2 d5 6.Nf3 O-O 7.O-O c6 8.Qc2 b6
9.Bf4 Bb7 10.Rd1 Nbd7 11.Nc3 Nh5 12.Bc1 f5 13.b3 Bd6 14.a4 a5 15.Ba3 Bxa3
16.Rxa3 Qe7 17.Raa1 Nhf6 18.Ne1 Rac8 19.Rac1 Ba6 20.Qa2 Ne4 21.Nd3 Ndf6 22.e3 Ng4
23.Ne2 c5 24.h3 Ngf6 25.Nef4 Bb7 26.Qa3 Rfe8 27.Ne5 cxd4 28.Qxe7 Rxe7 29.exd4 g5
30.Nfd3 Rec7 31.Kh2 Ba6 32.Rc2 dxc4 33.bxc4 Rd8 34.Nb2 Nd7 35.Nxd7 Rcxd7
36.f3 Nf6 37.Rcd2 f4 38.gxf4 gxf4 39.h4 Rd6 40.Bh3 Kf8 41.d5 exd5 42.Rd4 Bc8
43.Rxf4 Bxh3 44.Kxh3 Ke7 45.cxd5 Nxd5 46.Re4+ Re6 47.Rxe6+ Kxe6 48.Rc1 Kf5
49.Nc4 Nf4+ 50.Kh2 Rd3 51.Nxb6 Rxf3 52.Rc5+ Kg4 53.Nd7 Rf2+ 54.Kg1 Nh3+ 55.Kh1 Ra2
56.Rc4+ Kg3 57.Rc3+ Kxh4 58.Rc4+ Kg5 59.Ne5 Kf5 60.Nc6 Ng5 61.Rh4 Nf3 62.Rxh7 Kf4
63.Nxa5 Ke3 64.Nb3 Kf2 65.Rg7 Kf1  0-1

[Event "New York op"]
[Site "New York"]
[Date "1989.??.??"]
[Round "5"]
[White "Razuvaev, Yuri S"]
[Black "Dizdar, Goran"]
[Result "1-0"]
[WhiteElo "2550"]
[BlackElo "2505"]

1.d4 Nf6 2.c4 e6 3.g3 Bb4+ 4.Bd2 c5 5.Bg2 Nc6 6.Bxb4 cxb4 7.d5 Ne5 8.dxe6 fxe6
9.Nd2 O-O 10.Ngf3 Nf7 11.O-O b6 12.Qb3 a5 13.Nd4 Rb8 14.a3 bxa3 15.Rxa3 Ba6
16.Qc2 Qe7 17.Rc1 Rfc8 18.Rc3 Nd6 19.e3 Rc7 20.Qb3 Rcc8 21.Qa3 Qf8 22.c5 bxc5
23.Rxc5 Rxc5 24.Rxc5 Nb5 25.Nxb5 Bxb5 26.h3 a4 27.Qc3 Qd6 28.e4 Ne8 29.e5 Qb6
30.Rc8 Ba6 31.Rxb8 Qxb8 32.Qd4 Bb5 33.Ne4 Bc6 34.Nc5 Bb5 35.Nxd7 Bxd7 36.Qxd7 Nc7
37.Bc6 h6 38.Kg2 Qb6 39.Qd8+ Kf7 40.Be8+  1-0

[Event "Ostend op"]
[Site "Ostend"]
[Date "1989.??.??"]
[Round "2"]
[White "Kern, Johannes"]
[Black "Renet, Olivier"]
[Result "0-1"]
[WhiteElo "2250"]
[BlackElo "2515"]

1.d4 Nf6 2.c4 e6 3.g3 Bb4+ 4.Nd2 d5 5.Bg2 O-O 6.Nf3 b6 7.O-O Bb7 8.Qc2 Na6
9.a3 Bd6 10.b4 c5 11.dxc5 bxc5 12.b5 Nb8 13.Rd1 Qe7 14.cxd5 exd5 15.Bb2 Nbd7
16.Qf5 Rab8 17.e4 dxe4 18.Ng5 Be5 19.Ngxe4 Bxe4  0-1

[Event "Podolsk GMA-qual"]
[Site "Podolsk"]
[Date "1989.??.??"]
[Round "?"]
[White "Gorelov, Sergey G"]
[Black "Rozentalis, Eduardas"]
[Result "1/2-1/2"]
[WhiteElo "2450"]
[BlackElo "2505"]

1.d4 Nf6 2.c4 e6 3.g3 Bb4+ 4.Bd2 Qe7 5.Nf3 Nc6 6.Nc3 d5 7.a3 Bxc3 8.Bxc3 O-O
9.Bg2 Rd8 10.O-O a5 11.cxd5 exd5  1/2-1/2

[Event "CSR-ch int"]
[Site "Prague"]
[Date "1989.??.??"]
[Round "4"]
[White "Haba, Petr"]
[Black "Chernin, Alexander"]
[Result "0-1"]
[WhiteElo "2480"]
[BlackElo "2580"]

1.d4 Nf6 2.c4 e6 3.g3 Bb4+ 4.Nd2 d5 5.Bg2 O-O 6.Nf3 b6 7.O-O Bb7 8.cxd5 exd5
9.Ne5 Re8 10.Ndc4 h6 11.g4 c6 12.Ne3 Nbd7 13.f4 Bf8 14.Qb3 c5 15.Nxf7 Kxf7
16.Nxd5 Nxd5 17.Bxd5+ Bxd5 18.Qxd5+ Ke7 19.f5 Qc8 20.g5 Rb8 21.Rf3 cxd4 22.Bf4 Qc5
23.Qg8 d3+ 24.Kg2 Kd8 25.Bxb8 Rxe2+ 26.Kh3 Qc6 27.Raf1 hxg5 28.Kg3 Qh6 29.R1f2 Qh4+
30.Kg2 g4 31.Bc7+ Kxc7 32.Qc4+ Bc5 33.Qf4+ Kc8  0-1

[Event "EUCup ZSKA-Sofia"]
[Site "Sofia"]
[Date "1989.??.??"]
[Round "?"]
[White "Razuvaev, Yuri S"]
[Black "Inkiov, Ventzislav"]
[Result "1/2-1/2"]
[WhiteElo "2550"]
[BlackElo "2470"]

1.d4 Nf6 2.c4 e6 3.g3 Bb4+ 4.Bd2 Qe7 5.Nf3 O-O 6.Bg2 Bxd2+ 7.Qxd2 d6 8.O-O e5
9.Nc3 Re8 10.e4 a5 11.h3 Na6 12.Rad1 c6 13.Rfe1 Qc7 14.b3 Bd7 15.Rc1 Qb8
16.Nh4 Qa7 17.Red1 h6 18.Kh2 b5 19.Nf5 b4 20.Na4 Bxf5 21.exf5 e4 22.Qf4 Rad8
23.g4 d5 24.c5 Qc7 25.Qxc7 Nxc7 26.Re1 g6 27.fxg6 fxg6 28.Rcd1 g5 29.f3 exf3
30.Rxe8+ Rxe8 31.Bxf3 Ne6 32.Bg2 Nf4 33.Bf1 Re3 34.Nb6 Ne4 35.Nd7 Rc3 36.Ne5 Rc2+
37.Kg1 Nc3 38.Re1 Nce2+ 39.Bxe2 Nxe2+ 40.Kf1 Nxd4 41.Rd1 Nb5 42.Nxc6 Rxc5
43.Rxd5 Rc1+ 44.Kg2 Rxc6 45.Rxb5 Rc2+ 46.Kg3 Rxa2 47.h4 gxh4+ 48.Kxh4 Rh2+
49.Kg3 Rb2 50.Rxa5 Rxb3+ 51.Kf4 Rb1 52.Rb5 b3 53.Kf3 Kf7 54.Rb6  1/2-1/2

[Event "SWZ-ch int+"]
[Site "?"]
[Date "1989.??.??"]
[Round "2"]
[White "Summermatter, Daniel"]
[Black "Wirthensohn, Heinz"]
[Result "1-0"]
[WhiteElo "2385"]
[BlackElo "2405"]

1.d4 Nf6 2.c4 e6 3.g3 Bb4+ 4.Bd2 Be7 5.Bg2 d5 6.Nf3 O-O 7.O-O Nc6 8.Qb3 Ne4
9.Rd1 a5 10.Be1 Nb4 11.c5 Nc6 12.Nc3 f5 13.Kh1 Bf6 14.a3 Rb8 15.Qc2 Bd7 16.e3 b6
17.cxb6 cxb6 18.Ng1 Nd6 19.Nxd5 exd5 20.Bxd5+ Kh8 21.Bxc6 Rc8 22.d5 Qe8 23.Rac1 Bxc6
24.dxc6 Ne4 25.f3 Ng5 26.Rd3 Rf7 27.b4 axb4 28.axb4 b5 29.Qc5 Re7 30.Qxf5 Re5
31.Qd7 Qf8 32.c7 Re7 33.Qxc8  1-0

[Event "Tapolca"]
[Site "Tapolca"]
[Date "1989.??.??"]
[Round "?"]
[White "Gyorkos, Lajos"]
[Black "Landenbergue, Claude"]
[Result "1/2-1/2"]
[WhiteElo "2370"]
[BlackElo "2350"]

1.d4 Nf6 2.c4 e6 3.g3 Bb4+ 4.Bd2 a5 5.Bg2 d5 6.a3 Bxd2+ 7.Nxd2 Nc6 8.Ngf3 O-O
9.O-O Ne4 10.Rc1 a4  1/2-1/2

[Event "Tuzla"]
[Site "Tuzla"]
[Date "1989.??.??"]
[Round "9"]
[White "Sprecic, Mustafa"]
[Black "Palos, Osman"]
[Result "1/2-1/2"]
[WhiteElo "2360"]
[BlackElo "2350"]

1.d4 Nf6 2.c4 e6 3.g3 Bb4+ 4.Bd2 Bxd2+ 5.Qxd2 O-O 6.Bg2 d6 7.Nc3 Qe7 8.e3 Rd8
9.Nge2 d5 10.cxd5 exd5 11.Nf4 c6 12.O-O Nbd7 13.h4 Nf8 14.Qc2 Ng6 15.Nxg6 hxg6
16.Rfe1 Bf5 17.Qb3 Re8 18.Rac1 Rad8 19.a4 Nh7 20.f4 Nf6 21.a5 Rb8 22.Na4 Ne4
23.Bxe4 Qxe4 24.Qd1 Bh3 25.Qd2 Qe7 26.b4 Qd6 27.Qb2 Re7 28.Kf2 a6 29.Nc5 f6
30.Qe2 Bf5 31.g4 Be4 32.g5 Kf7 33.Kg3 Rh8 34.Qd2 Bf5 35.Rh1 Rh5 36.Rcg1 Qb8
37.Rh2 fxg5 38.hxg5 Rxg5+ 39.Kf2 Rxg1 40.Kxg1 g5 41.Rh5 Qe8 42.Rxg5 g6 43.Rg3 Qh8
44.Qh2 Qxh2+ 45.Kxh2 Ke8 46.Kg1 Kd8 47.Kf2 Kc7 48.Ke2 Rh7 49.Kd2 Rh2+ 50.Kc3 Rc2+
51.Kb3  1/2-1/2

[Event "JUG-chT"]
[Site "Zlatibor"]
[Date "1989.??.??"]
[Round "?"]
[White "Nikolic, Nebojsa"]
[Black "Drasko, Milan"]
[Result "1/2-1/2"]
[WhiteElo "2390"]
[BlackElo "2485"]

1.d4 Nf6 2.c4 e6 3.g3 Bb4+ 4.Nd2 d5 5.Bg2 O-O 6.Nf3 Re8 7.O-O b6 8.b3 c5
9.Bb2 Nc6 10.Ne5 Bb7 11.cxd5 Nxd5 12.Nxc6 Bxc6 13.Rc1 Ne7 14.Nf3  1/2-1/2